The creatures of midnight

Bibliographic Details
Main Author: Ramos, Maximo D
Format: Book
Published: Quezon City : Phoenix Pub , 1990
Subjects:

MARC

LEADER 00000cam a2200000 7i4500
001 0000003969
002 000004274
005 20000330.0
020 |a 9710606859 
090 0 0 |a 823.0099599   |b RAM 
100 1 |a Ramos, Maximo D 
245 1 4 |a The creatures of midnight   |c Maximo D.Ramos 
260 |a Quezon City :   |b Phoenix Pub ,   |c 1990 
300 |a 114p. ;   |c 22cm. 
650 0 0 |a Literature and history   |z Philippines 
999 |a 00089039   |b BUKU   |c PINJAMAN   |e PERPUSTAKAAN KOMUNITI PETALING JAYA 
999 |a 035431   |b BUKU   |c PINJAMAN   |e PERPUSTAKAAN KOMUNITI PETALING JAYA 
999 |a 03543   |b BUKU   |c JUNIOR BOOKS   |e PERPUSTAKAAN KOMUNITI PETALING JAYA